Mystery Movie Monologue #12 - Statistics

General Stats
  • This quiz has been taken 372 times
  • The average score is 43 of 96
Answer Stats
Answer % Correct
a
100%
a
100%
a
100%
a
100%
a
100%
the
93%
the
93%
the
93%
the
93%
you
89%
You
89%
you
89%
you're
89%
an
84%
an
84%
who
79%
we
76%
we
76%
we
76%
we
76%
we
76%
we
76%
we
76%
are.
74%
and
73%
and
73%
and
73%
it
70%
to
70%
to
70%
is
69%
is
69%
in
64%
In
64%
in
64%
what
62%
that
61%
that
61%
that
61%
of
52%
for
50%
for
50%
But
45%
But
45%
want
45%
your
45%
see
44%
see
44%
us
44%
us
44%
us...
44%
us
44%
think
41%
think
41%
as
38%
one
37%
was
36%
had
33%
did
30%
out
23%
does
22%
yours,
17%
found
16%
most
14%
wrong.
14%
each
11%
Mr.
11%
Sincerely
11%
Breakfast
10%
case,
10%
Club.
10%
Dear
10%
whatever
10%
whole
10%
answer
9%
basket
9%
crazy
9%
detention
9%
fact
9%
making
9%
Saturday
9%
accept
8%
athlete,
8%
brain,
8%
convenient
8%
criminal...
8%
definitions.
8%
essay
8%
forms,
8%
princess,
8%
question?
8%
sacrifice
8%
simplest
8%
telling
8%
Vernon,
8%
write
8%
No matching quizzes found
Score Distribution
Percent of People with Each Score
Percentile by Number Answered
Your Score History
You have not taken this quiz